|
|
|
|
| LEADER |
00000nab#a22000007a#4500 |
| 001 |
arbauad011423 |
| 003 |
AR-BaUAD |
| 005 |
20250711111158.0 |
| 008 |
950526|||||||||###||||||b###|0###a|spa|| |
| 040 |
|
|
|a AR-BaUAD
|c AR-BaUAD
|b spa
|
| 245 |
1 |
0 |
|a A.C. Briggs House, Broadleys, Lake Windermere, England
|
| 300 |
0 |
|
|b fot.
|
| 653 |
|
|
|a VOYSEY, CHARLES
|
| 653 |
|
|
|a CASA BRIGGS
|
| 653 |
|
|
|a VIVIENDAS UNIFAMILIARES
|
| 653 |
|
|
|a INGLATERRA
|
| 653 |
|
|
|a REINO UNIDO
|
| 653 |
|
|
|a 1898
|
| 773 |
0 |
|
|t GA Document Special Issue
|g no. 2 (1981), p. 94-95
|
| 942 |
|
|
|c ARTI
|
| 952 |
|
|
|0 0
|1 0
|4 0
|7 0
|9 56343
|a AR-BAuAD
|b AR-BAuAD
|d 2025-07-11
|l 0
|p AAQA011423
|r 2025-07-11 11:11:58
|w 2025-07-11
|y ARTI
|
| 990 |
|
|
|a AQ198
|b TD
|
| 998 |
|
|
|a AAQ
|b BIBUN76
|
| 999 |
|
|
|c 36016
|d 36016
|